Una historia de la mente: la evolución y el nacimiento de la conciencia
Na minha lista:
| Autor principal: | |
|---|---|
| Formato: | Livro |
| Idioma: | espanhol |
| Publicado em: |
Barcelona
Gedisa
1995
|
| Colecção: | Ciencias Cognitivas. Psicología
|
| Assuntos: | |
| Tags: |
Adicionar Tag
Sem tags, seja o primeiro a adicionar uma tag!
|
MARC
| LEADER | 00000nam a2200000 a 4500 | ||
|---|---|---|---|
| 001 | UCO8751 | ||
| 003 | CL-VaPUC | ||
| 008 | 010105e19950000SP |||||||||||||||||spa|d | ||
| 082 | 0 | 4 | |a 128.2 |b HUM |2 21 |
| 100 | 0 | |a Humphrey, Nicholas |e author |9 453621 | |
| 245 | 1 | 4 | |a Una historia de la mente: la evolución y el nacimiento de la conciencia |
| 300 | |a 262 p | ||
| 942 | |c BK | ||
| 945 | |d 20010105 00:00:00 |a cmena | ||
| 260 | |a Barcelona |b Gedisa |c 1995 | ||
| 650 | 0 | |a Mente |9 330838 | |
| 650 | 0 | |a Antropología filosófica |9 265842 | |
| 650 | 0 | |a Mente y cuerpo |9 307279 | |
| 650 | 0 | |a Conciencia |9 309452 | |
| 650 | 0 | |a Desarrollo cognitivo |9 311398 | |
| 650 | 7 | |a NEUROFISIOLOGIA |2 CL-VaPUC |9 453622 | |
| 583 | |a last modification |c 20121001 10:41:22 |k Rodrigo Vera | ||
| 490 | 0 | |a Ciencias Cognitivas. Psicología | |
| 999 | |c 293219 |d 293217 | ||
| 952 | |0 0 |1 0 |4 0 |6 128_200000000000000_HUM_1995 |7 0 |8 A |9 344612 |a FDOPOS |b FDOPOS |d 2019-11-20 |i 3676439 |o 128.2 HUM 1995 |p 3676439 |r 2025-01-22 |w 2019-11-20 |y BK |k MLA | ||